| 000 | 00466 a2200121 4500 | ||
|---|---|---|---|
| 001 | 125152 | ||
| 040 | _cEscola Canadense de Niteroi | ||
| 090 | _aS2 | ||
| 100 | _aNóbrega, Maria José | ||
| 245 | 1 | 0 | _aSalada, Saladinha - Parlendas |
| 520 | _aSalada, saladinha já vem temperadinha com sal, pimenta e parlendas de primeiríssima qualidade. Barra-manteiga, corre cutia, Esconde bem, que já te vi. Quem quer entrar na brincadeira Abra este livro aqui! | ||
| 942 | _cBK | ||
| 999 |
_c125152 _d125152 |
||